New additions to Single Payment Scheme (Record no. 74591)
[ view plain ]
| 000 -LEADER | |
|---|---|
| fixed length control field | 01079cab a2200229 4500 |
| 001 - CONTROL NUMBER | |
| control field | WB4042-14 |
| 008 - FIXED-LENGTH DATA ELEMENTS--GENERAL INFORMATION | |
| fixed length control field | 041104n2004 000 0 eng u |
| 035 ## - SYSTEM CONTROL NUMBER | |
| System control number | (Sirsi) u127908 |
| 245 ## - TITLE STATEMENT | |
| Title | New additions to Single Payment Scheme |
| 260 ## - PUBLICATION, DISTRIBUTION, ETC. | |
| Date of publication, distribution, etc. | 2004 |
| 490 ## - SERIES STATEMENT | |
| Series statement | DEFRA News Release |
| Volume/sequential designation | (441/04) 2 November 2004 (4) |
| 520 ## - SUMMARY, ETC. | |
| Summary, etc. | The eligibility of land grazed by horses, inclusion of traditional orchards and the Single Payment Scheme (SPS), the operation of the National Reserve and the conditions fro exemption from new hedgerow and ditch protection measures have been announced by DEFRA. The SPS simplifies 10 existing major payment schemes into one and will considerably reduce the administrative burden for many farmers. Further details can be found on the website. http://www.defra.gov.uk/news/2004/041102e.htm |
| 590 ## - LOCAL NOTE (RLIN) | |
| Local note | WB |
| 650 ## - SUBJECT ADDED ENTRY--TOPICAL TERM | |
| Topical term or geographic name entry element | SINGLE PAYMENT SCHEME |
| 650 ## - SUBJECT ADDED ENTRY--TOPICAL TERM | |
| Topical term or geographic name entry element | COMMON AGRICULTURAL POLICY |
| 650 ## - SUBJECT ADDED ENTRY--TOPICAL TERM | |
| Topical term or geographic name entry element | HORSES |
| 650 ## - SUBJECT ADDED ENTRY--TOPICAL TERM | |
| Topical term or geographic name entry element | ORCHARDS |
| 650 ## - SUBJECT ADDED ENTRY--TOPICAL TERM | |
| Topical term or geographic name entry element | NATIONAL RESERVE |
| 650 ## - SUBJECT ADDED ENTRY--TOPICAL TERM | |
| Topical term or geographic name entry element | HEDGEROWS |
| 690 ## - LOCAL SUBJECT ADDED ENTRY--TOPICAL TERM (OCLC, RLIN) | |
| Topical term or geographic name as entry element | RURAL-FARM BUSINESS MANAGEMENT |
| 942 ## - ADDED ENTRY ELEMENTS (KOHA) | |
| Suppress in OPAC | 0 |
| Withdrawn status | Lost status | Source of classification or shelving scheme | Damaged status | Not for loan | Home library | Current library | Shelving location | Date acquired | Total Checkouts | Full call number | Barcode | Date last seen | Copy number | Price effective from | Koha item type |
|---|---|---|---|---|---|---|---|---|---|---|---|---|---|---|---|
| Dewey Decimal Classification | London | London | News article | 04/11/2004 | WB4042-14 | 127908-1001 | 06/08/2019 | 1 | 06/08/2019 | News article |